[Event "www.jobs-resumes. op"]
[Site "Lexington"]
[Date "1997.12.13"]
[Round "1"]
[White "Hersey, Stephen"]
[Black "Langreck, John"]
[Result "0-1"]
[WhiteElo "1730"]
[BlackElo "2314"]
[PlyCount "36"]
[EventDate "1997.12.13"]
[EventType "swiss"]
[EventRounds "8"]
[EventCountry "USA"]
[SourceTitle "EXT 2006"]
[Source "ChessBase"]
[SourceDate "2005.11.24"]
[SourceVersion "1"]
[SourceVersionDate "2005.11.24"]
[SourceQuality "1"]

1. e4 e5 2. Nf3 Nc6 3. Bb5 a6 4. Ba4 Nf6 5. 0-0 Be7 6. Re1 b5 7. Bb3 0-0 8. c3 d5 9. exd5 Nxd5 10. Nxe5 Nxe5 11. Rxe5 c6 12. d4 Bd6 13. Re1 Qh4 14. g3 Qh3 15. Qf3 Bg4 16. Qg2 Qh5 17. Nd2 Rae8 18. Kf1 Bh3 0-1